000 00778nam a22002417a 4500
001 BR9602608
003 BR-BrBNA
005 20230928095007.0
007 ta
008 230509b bl.||||| |||| 00| 0 por d
040 _aBR-BrBNA
_bpor
_cBiblioteca Nacional de Agricultura
041 _a(Por)
072 _aC20
090 _ C20 BR9602608
110 1 _aUniversidade Federal de Santa Maria, RS (Brasil). Centro de Ciencias Rurais
_910930
111 1 _a6. Simposio de Extensao Rural e Agricultura Brasileira
_cSanta Maria, RS (Brazil)
_d7-9 Nov 1985
245 1 _a6. Simposio de Extensao Rural e Agricultura Brasileira
260 3 _aSanta Maria, RS (Brasil):
_c1986.
300 _a51 p.
650 _aExtensao Rural
909 _a202309
_bLucia
_c55
_dLucia Elande
942 _cBK
999 _c53874
_d53874